000 00658nam a2200289Ia 4500
005 20260324125734.0
008 008 260324s9999 xx 000 0 eng d
020 _a9780429477409
037 _aEBOOK
040 _aCRL
040 _beng
040 _cCRL
041 _2eng
041 _aeng
084 _qCRL
100 _aRonald Doctor
_91179126
245 0 _aMurder
245 2 _bA Psychotherapeutic Investigation
260 _bTaylor and Francis
260 _c2008
365 _a
365 _b180
856 _uhttp://www.taylorfrancis.com/books/9780429477409
942 _cEBOOK
999 _c1774662
_d1774662